<?xml version="1.0" encoding="UTF-8"?>
<collection xmlns="http://www.loc.gov/MARC21/slim">
 <record>
  <leader>02596ngm a22002655g 4500</leader>
  <controlfield tag="001">CEM.cems024218</controlfield>
  <controlfield tag="008">130507s2010##################0###0#####d</controlfield>
  <controlfield tag="005">20250909173051.0</controlfield>
  <datafield tag="245" ind1="1" ind2="0">
   <subfield code="a">Sir John Sulston (médico, premio nobel en medicina) /</subfield>
   <subfield code="c">Claudio Martínez.</subfield>
  </datafield>
  <datafield tag="260" ind1=" " ind2=" ">
   <subfield code="a">Argentina,</subfield>
   <subfield code="c">2010</subfield>
  </datafield>
  <datafield tag="300" ind1=" " ind2=" ">
   <subfield code="a">28'.</subfield>
  </datafield>
  <datafield tag="490" ind1="0" ind2=" ">
   <subfield code="a">Laboratorio de Ideas</subfield>
  </datafield>
  <datafield tag="505" ind1="0" ind2=" ">
   <subfield code="a">A través de entrevistas realizadas por Adrián Paenza,el protagonista de esta serie, entrevista a personalidades prestigiosas de diversas disciplinas de la ciencia. La serie brinda una visión acerca de los nuevos estudios y descubrimientos científicos, tanto nacionales como del exterior. Sociólogos, antropólogos e ingenieros, ofrecen una mirada que integra el mundo de las ideas abstractas con la práctica o la resolución de problemas concretos.</subfield>
  </datafield>
  <datafield tag="538" ind1=" " ind2=" ">
   <subfield code="a">Soporte: DVD - Grabación DRD</subfield>
  </datafield>
  <datafield tag="520" ind1=" " ind2=" ">
   <subfield code="a">Capítulos: 1. Pablo Argibay (médico) y Ariel González (ingeniero) -- 2. Susana Torrado (socióloga-demógrafa) y Matías Zaldarriaga (físico) -- 3. Andrea Mangano (bioquímica) y Ricardo Gurtler (biólogo) -- 4. Nicolás Casullo (filósofo) y Andrea Gamarnik (bioquímica) -- 5. Gregorio Klimovsky (matemático y epistemólogo) y Rubén Piacentini (físico) -- 6. Rafael Ferraro (físico) y Diana Rolandi (arqueóloga) -- 7. Alberto Rojo (físico, músico) y Alberto Rex González (arqueólogo) -- 8. Alejandro Vila (químico) y Gloria Dubner (astrofísica) -- 9. Adrián Gorelik (arquitecto e historiador) y Roberto Fernández Prini (químico) -- 10. Galo Soler (químico) y Mischa Cotlar (matemático) -- 11. Sir John Sulston (médico, premio Nobel en Medicina) -- 12. Mario Núñez (licenciado en Cs. de la Atmósfera) y Jorge Colombo (médico) -- 13. Mario Garavaglia (físico) y Pablo Canziani (dr. procesos atmosféricos) -- 14. Hugo Luján (químico) y Carlos Schugurensky (ing. electrónico) -- 15. María Teresa Dova (física) y Alejandro Giuliano (ingeniero electrónico) -- 16. Mirta Romero (arquitecta) y Raúl Lira (geólogo) -- 17. Manuel Sadosky (físico y matemático) y James Cronin (físico) -- 18. Patricia Aguirre (antropóloga) y Ricardo Podestá (ingeniero) -- 19. Conrado Varotto (físico) y Víctor Sadras (ingeniero agrónomo)</subfield>
  </datafield>
  <datafield tag="500" ind1=" " ind2=" ">
   <subfield code="a">Consultar en ventanilla.</subfield>
  </datafield>
  <datafield tag="100" ind1="1" ind2=" ">
   <subfield code="a">Martínez, Claudio.</subfield>
  </datafield>
  <datafield tag="700" ind1="1" ind2=" ">
   <subfield code="a">Paenza, Adrián; Conducción.</subfield>
  </datafield>
  <datafield tag="710" ind1="2" ind2=" ">
   <subfield code="a">Canal Encuentro.</subfield>
  </datafield>
  <datafield tag="082" ind1="5" ind2="0">
   <subfield code="/">MAR</subfield>
  </datafield>
  <datafield tag="653" ind1=" " ind2=" ">
   <subfield code="a">ENTREVISTAS</subfield>
  </datafield>
  <datafield tag="653" ind1=" " ind2=" ">
   <subfield code="a">PROGRAMA DE TELEVISIÓN</subfield>
  </datafield>
  <datafield tag="653" ind1=" " ind2=" ">
   <subfield code="a">CIENCIA</subfield>
  </datafield>
  <datafield tag="653" ind1=" " ind2=" ">
   <subfield code="a">ADRIÁN PAENZA</subfield>
  </datafield>
  <datafield tag="859" ind1=" " ind2=" ">
   <subfield code="a">CEMS</subfield>
   <subfield code="b">BIB. CEMS - Depto. Recursos Didacticos</subfield>
   <subfield code="h">502</subfield>
   <subfield code="i">MAR</subfield>
   <subfield code="k">DRD</subfield>
   <subfield code="p">2861.19</subfield>
   <subfield code="t">Ej.1</subfield>
  </datafield>
 </record>
</collection>
